000 00245nam a22001217a 4500
008 170914b xxu||||| |||| 00| 0 eng d
041 _aeng
080 _a77
100 _a44
101 _aART
245 _aEF LENSWORKII
_cEOS
942 _2udc
_cBK
999 _c27701
_d27701